000 00925nam a2200265Ia 4500
003 OSt
005 20221005110842.0
006 a|||||r|||| 00| 0
007 ta
008 221004b |||||||| |||| 00| 0 hin d
020 _a9788126722297 (hbk)
_c150
024 _a11299
037 _bBR8176, 20/03/2014, Rajkamal Prakashan Pvt. Ltd.
_cTextual
040 _aCRL
_cCRL
_bhin
041 _2hin
_ahin
082 _aO152,3N37,MA, Q2
100 _aकाशीनाथ सिंह
245 0 _aमहुआचरित
246 _aMahuācharita
260 _aनई दिल्ली
_bराजकमल प्रकाशन भारत
_c2012
300 _a99पृ0
_ccm.
650 _aहिन्दी साहित्य
942 _hO152,3N37,MA, Q2
_cTEXL
_2cc
999 _c1020075
_d1020075